| 000 | 01072nam a22003137a 4500 | ||
|---|---|---|---|
| 999 |
_c29230 _d29201 |
||
| 003 | EG-ScBUE | ||
| 005 | 20210712112405.0 | ||
| 008 | 200219r20062001enk f b 001 0 eng d | ||
| 020 | _a9780749216948 | ||
| 040 |
_aEG-ScBUE _beng _erda _cEG-ScBUE _dEG-ScBUE |
||
| 043 | _ae------ | ||
| 082 | 0 | 4 |
_a940.3 _bIMP _222 |
| 245 | 0 | 4 |
_aThe impact of World War I / _cedited by Bernard Waites [and six others] |
| 250 | _aReprinted edition. | ||
| 264 | 1 |
_aMilton Keynes : _bOpen University, _c2006. |
|
| 300 |
_a301 pages ; _c24 cm. |
||
| 336 |
_2rdacontent _atext _btxt |
||
| 337 |
_2rdamedia _aunmediated _bn |
||
| 338 |
_2rdacarrier _avolume _bnc |
||
| 490 | 0 | _aTotal war and social change : Europe 1914-1955 | |
| 504 | _aIncludes bibliographical references and index. | ||
| 650 | 7 |
_aWorld War, 1914-1918 _xInfluence. _2BUEsh |
|
| 650 | 7 |
_aMilitary history, Modern _y20th century. _2BUEsh |
|
| 651 | 7 |
_aEurope _xSocial conditions _y20th century. _2BUEsh |
|
| 653 |
_bGGEN _cJuly2021 |
||
| 655 |
_vReading book _934232 |
||
| 700 | 1 |
_aWaites, Bernard, _eeditor. |
|
| 942 |
_2ddc _cBB |
||